The rights of the suspect and the accused under Islamic law and Malaysian law /
Saved in:
| Main Author: | |
|---|---|
| Format: | Thesis |
| Language: | English |
| Published: |
Birmingham, UK :
University of Birmingham,
1999
|
| Subjects: | |
| Tags: |
Add Tag
No Tags, Be the first to tag this record!
|
| LEADER | 011650000a22003130004500 | ||
|---|---|---|---|
| 001 | 173968 | ||
| 005 | 20230420084909.0 | ||
| 008 | 999090s1999 my a g 0 1 eng d | ||
| 035 | |a (Sirsi) 173968 | ||
| 040 | |a UIAM |b eng |e rda | ||
| 050 | 0 | 0 | |a BP158.4.H4.M4 |
| 100 | 0 | |a Ashraf Md. Hashim, |e author |9 34163 | |
| 245 | 1 | 4 | |a The rights of the suspect and the accused under Islamic law and Malaysian law / |c by Ashraf Md. Hashim |
| 264 | 1 | |a Birmingham, UK : |b University of Birmingham, |c 1999 | |
| 300 | |a 238 page ; |c 30 cm. | ||
| 336 | |2 rdacontent | ||
| 337 | |2 rdamedia | ||
| 338 | |2 rdacarrier | ||
| 502 | |a Thesis (Ph. D.)--University of Birmingham, UK, 1998. | ||
| 533 | |a One copy. | ||
| 650 | 0 | |a Justification (Islamic law) |9 111474 | |
| 650 | 0 | |a Justification (Islamic law) |z Malaysia |9 111475 | |
| 650 | 0 | |a Criminal procedure |z Malaysia |9 16649 | |
| 650 | 0 | |a Civil rights |z Malaysia |9 38928 | |
| 655 | 0 | 7 | |a Theses, IIUM foreign |9 13634 |
| 900 | |a nm | ||
| 942 | |2 lcc |n 0 | ||
| 999 | |c 431256 |d 462747 | ||
| 952 | |0 0 |6 T BP 000158.4 H4 M4 A827R 1999 |7 0 |8 THESES |9 750988 |a IIUM |b IIUM |c MULTIMEDIA |g 0.00 |o t BP 158.4 H4 M4 A827R 1999 |p 00000604160 |r 2017-10-17 |t 1 |v 0.00 |y THESIS | ||
